01250nam a2200229 a 450000100100000000500170001000800410002704000130006808200170008110000510009824501010014926000420025030000210029250000420031350000210035559000450037604900090042195201880043095201880061895201990080699900150100500000897320240305073653.0090922s1966 dr 001 0 spa d aDO-SdBNP axxxxxbR696p1 aRodríguez Demorizi, Emilio,d1908-19869103910aPoetas contra Bolivar :bel libertador a través de la calumnia /cEmilio Rodríguez Demorizi. aMadrid :bGrafícas Reunidas,c1966. a393 p. ;c24 cm. aIncluye notas al pie de las páginas aIncluye índice aLa biblioteca posee un e. autografíado aBNPD 001054708DSaGRbGRcCTd2010-07-29iLF1l0oxxxxx R696pp8973-30r2020-06-25te. 3w2020-06-25yLFDSzPerteneció a la biblioteca personal de Martínez Boog.ZPréstamo en sala 0010718PDaPDbPDcHDd2009-09-22iLF1l0oxxxxx R696pp8973-10r2020-06-25w2020-06-25yLFPDzPerteneció a la biblioteca personal de Germán Emilio Ornes. DedicadoZNo se presta 0010718PDaPDbPDcCTd2009-09-22iLF1l0oxxxxx R696pp8973-20r2020-06-25te. 2w2020-06-25yLFPDzPerteneció a la biblioteca personal de Carlos Larrazábal Blanco. DedicadoZNo se presta c8737d8737